Conferencia: El respeto a la vida naciente y el aborto

Saved in:
書目詳細資料
主要作者: Flecha, José-Román (Author)
格式: 圖書
語言:西班牙语
出版: Valparaíso Pontificia Universidad Católica de Valparaíso 2016
版:1a. ed
主題:
標簽: 添加標簽
沒有標簽, 成為第一個標記此記錄!

MARC

LEADER 00000cam a2200000 a 4500
001 UCD9945
003 CL-VaPUC
005 20220121074012.0
008 170709e20160512cl 1 spa d
082 0 4 |a 179.76  |b FLE  |2 21 
100 1 |a Flecha, José-Román  |e author  |9 622282 
245 1 0 |a Conferencia: El respeto a la vida naciente y el aborto 
250 |a 1a. ed 
260 |a Valparaíso  |b Pontificia Universidad Católica de Valparaíso  |c 2016 
300 |a 22 p 
583 |a last modification  |c 20190909 09:57:52  |k Rodrigo Vera 
650 0 0 |a Aborto  |9 256680 
650 0 0 |a Derecho a la vida  |9 337220 
650 0 0 |a Comportamiento moral  |9 334569 
942 |c BK 
945 |a arojas  |d 20170709 17:01:00 
546 |a En Español 
536 |a Pontificia Universidad Católica de Valparaíso 
518 |p El respeto a la vida naciente y el aborto, 1, Valparaíso, 12 de mayo de 2016 
999 |c 384906  |d 384904 
952 |0 0  |1 0  |3 erb  |4 0  |6 179_760000000000000_FLE_2016  |7 0  |8 X  |9 507910  |a FDOBUD  |b FDOBUD  |i 5407559  |o 179.76 FLE 2016  |p 5407559  |r 2020-01-23  |w 2020-01-23  |y BK_X  |z Catalogado en:20170709  |k FHP 
952 |0 0  |1 0  |3 erb  |4 0  |6 179_760000000000000_FLE_2016  |7 0  |8 X  |9 507911  |a FDOBUD  |b FDOBUD  |i 5407869  |o 179.76 FLE 2016  |p 5407869  |r 2020-01-23  |w 2020-01-23  |y BK_X  |z Catalogado en:20170709  |k FHP 
952 |0 0  |1 0  |3 erb  |4 0  |6 179_760000000000000_FLE_2016  |7 0  |8 X  |9 507912  |a FDOBUD  |b FDOBUD  |i 5504988  |o 179.76 FLE 2016  |p 5504988  |r 2020-01-23  |w 2020-01-23  |y BK_X  |z Catalogado en:20181026  |k FHP